Sports Quiz

Random Sports or University Quiz
Score 0/20 Timer 07:00
0 Plays Today
Hint Answer % Correct
StateOhio
93.8%
True ColorBlue
90.5%
CityAkron
87.5%
True ColorGold
79.8%
No. of Women's Varsity Sports11
78.9%
NicknameZips
76.7%
No. of Men's Varsity Sports8
75.2%
ConferenceMAC
63.1%
Primary RivalKent State
38.4%
MascotZippy
37.6%
Hint Answer % Correct
Famous Alum: QB _______ FryeCharlie
33.5%
Famous Alum: DE ______ TaylorJason
29.3%
Basketball ArenaJames A. Rhodes Arena
23.9%
Primary RivalYoungstown State
16.9%
Football StadiumInfoCision Stadium-Summa Field
14%
Famous Alum: S Dwight _____Smith
13.2%
Famous Alum: LB Chase _________Blackburn
11.6%
Athletic DirectorLarry Williams
9.9%
Fight SongAkron Blue & Gold
9.5%
Baseball StadiumLee R. Jackson Field
6.6%
Remove Ads.
Support Sporcle.
Get the best of Sporcle when you Go Orange. This ad-free experience offers more features, more stats, and more fun while also helping to support Sporcle. Thank you for becoming a member.

You're not logged in!

Compare scores with friends on all Sporcle quizzes.
OR
Log In

Show Comments

Extras

Top Quizzes Today


Score Distribution

Your Account Isn't Verified!

In order to create a playlist on Sporcle, you need to verify the email address you used during registration. Go to your Sporcle Settings to finish the process.

Report this User

Report this user for behavior that violates our Community Guidelines.

Details: